00417 2200169 4500245005000000020001800050250001100068700002700079100001700106650001600123005001900139260003000158041001400188084000800202300002800210336000900238 aCatatan Kecil tentang DiacNurul HikmahhText a979-780-367-8 aCet. 1 aResita Wahyu Febiratri aNurul Hikmah aNovel Fiksi a20230109145510 aJakartabGagasMediac2009 aIndonesia a813 axii, 240 hlm. :c19 cm. atext